000 00769cas a22002657a 4500
005 20220329142324.0
008 000622d us ar pernn 0 0b1eng d
010 _a81706
011 _a82678
035 _a93179
245 0 0 _aCotton International
260 0 _aMemphis, Tenn. :
_bMeister Publishing Company,
_c195?-
300 _av.
310 _aAnual
362 _a1976
500 _aSe dejó de recibir a partir del año 1976.
590 _aBATCH-UPD
_b10
_c20130110
_lUCH01
_h2354
590 _aBATCH-UPD
_b10
_c20130410
_lUCH01
_h1641
590 _aCONVERSION
_b10
_c20130109
_lUCH01
_h1345
650 1 4 _aAlgodon
_xPublicaciones periodicas.
_94052
866 _a-19,731,976
866 _a(1970-1971)
901 _aSE
905 _aLilia Sánchez G.
999 _c81706
_d81706